[Event "FIDE World Rapid-ch Open 2018"]
[White "Bosiocic, Marin"]
[Black "Matlakov, Maxim"]
[Site "St. Petersburg"]
[Round "5.22"]
[Annotator "RC"]
[Result "1-0"]
[Date "2018.12.26"]
[WhiteElo "2599"]
[BlackElo "2700"]
[PlyCount "79"]
[TimeControl "900+10"]

1. e4 {[%emt 0:0:0]} e5 {[%emt 0:0:0]} 2. Nf3 {[%emt 0:0:0]} Nc6 {[%emt 0:0:0]
} 3. Bc4 {[%emt 0:0:0]} Nf6 {[%emt 0:0:0]} 4. Ng5 {[%emt 0:0:0]} d5 {[%emt 0:0:0]} 5. exd5 {[%emt 0:0:0]} Na5 {[%emt 0:0:0]} 6. Bb5+ {[%emt 0:0:1]} c6 {[%emt 0:0:0]} 7. dxc6 {[%emt 0:0:2]} bxc6 {[%emt 0:0:1]
} 8. Bd3 {[%emt 0:0:2]} Nd5 {[%emt 0:0:22]} 9. h4 {[%emt 0:0:0]} Be7 {[%emt 0:2:25]} 10. Qf3 {[%emt 0:0:39]} f5 {[%emt 0:0:28]} 11. Bxf5 {[%emt 0:0:40]} Rf8 {[%emt 0:0:2]} 12. Qh5+ {[%emt 0:1:34]} g6 {[%emt 0:0:0]} 13. Bxg6+ {[%emt 0:0:1]} hxg6 {[%emt 0:0:2]} 14. Qxg6+ {[%emt 0:0:2]
} Kd7 {[%emt 0:0:1]} 15. Qe6+ {[%emt 0:1:35]} Kc7 {[%emt 0:0:27]} 16. Qxe5+ {[%emt 0:0:2]} Kb7 {[%emt 0:2:55]} 17. Qg7 {[%emt 0:2:30]} Nf4 {[%emt 0:0:0]} 18. d3 {[%emt 0:1:54]} Nxg2+ {[%emt 0:0:18]} 19. Kf1 {[%emt 0:0:0]} Nf4 {[%emt 0:0:24]} 20. Bxf4 {[%emt 0:0:32]} Rxf4 {[%emt 0:0:4]} 21. Nc3 {[%emt 0:0:26]
} c5 {[%emt 0:2:23]} 22. Nce4 {[%emt 0:0:15]} Kb6 {[%emt 0:0:0]} 23. Qh6+ {[%emt 0:2:43]} Nc6 {[%emt 0:0:6]} 24. Ne6 {[%emt 0:0:3]} Bxe6 {[%emt 0:0:13]} 25. Qxf4 {[%emt 0:0:1]} Qd7 {[%emt 0:0:6]} 26. Qe3 {[%emt 0:1:10]
} Nd4 {[%emt 0:0:33]} 27. Rc1 {[%emt 0:0:44]} Rf8 {[%emt 0:0:0]} 28. b4 {[%emt 0:0:25]} Bg4 {[%emt 0:2:59]} 29. bxc5+ {[%emt 0:1:24]} Ka6 {[%emt 0:0:11]} 30. c3 {[%emt 0:1:12]} Nf5 {[%emt 0:0:37]} 31. Qf4 {[%emt 0:0:10]
} Qxd3+ {[%emt 0:0:3]} 32. Kg1 {[%emt 0:0:13]} Rg8 {[%emt 0:0:0]} 33. Ng5 {[%emt 0:0:25]} Bf3 {[%emt 0:1:0]} 34. Qa4+ {[%emt 0:0:13]} Kb7 {[%emt 0:0:2]} 35. Qb3+ {[%emt 0:0:1]} Kc7 {[%emt 0:0:12]} 36. Qxg8 {[%emt 0:0:6]
} Bxh1 {[%emt 0:0:1]} 37. Kxh1 {[%emt 0:0:20]} Nxh4 {[%emt 0:0:0]} 38. Ne6+ {[%emt 0:0:28]} Kd7 {[%emt 0:0:6]} 39. c6+ {[%emt 0:0:7]} Kd6 {[%emt 0:0:6]} 40. Qg3+ {[%emt 0:0:20]} 1-0

[Event "FIDE World Rapid-ch Open 2018"]
[White "Nakamura, Hikaru"]
[Black "Adly, Ahmed"]
[Site "St. Petersburg"]
[Round "5.23"]
[Annotator "TA"]
[Result "1-0"]
[Date "2018.12.26"]
[WhiteElo "2746"]
[BlackElo "2626"]
[PlyCount "107"]

1. e4 {} c5 2. Nf3 d6 3. Bb5+ Bd7 4. Bxd7+ Qxd7 5. 0-0 Nc6 6. c3 Nf6 7. d4 cxd4 8. cxd4 d5 9. e5 Ng8 10. Nc3 {} e6 {B52: Sicilian:
Moscow Variation with 3...Bd7} 11. Ne2 Nge7 12. Ng3 {LiveBook: 5 Games} h6 $146 {White is slightly better.} ({Predecessor:} 12... Nf5 13. Nh5 0-0-0 14. g4 Nfe7 15. Be3 Ng8 16. Ne1 f6 17. f4 f5 18. gxf5 exf5 {1-0 (56) Felgaer,R (2588)
-Vasquez Schroder,R (2561) Santiago de Chile 2005} )13. Nh5 Nf5 14. Bf4 0-0-0 15. Rc1 Kb8 16. Qd3 g5 17. Bd2 Qc7 18. g4 Ng7 19. Ng3 Qd7 20. a3 Rc8 21. b4 Ne7 22. Rc5 $36 { White has good play.} Ng6 23. Rxc8+ Qxc8 24. Rc1 Qd7 25. b5 Be7 26. Nh5 Nxh5 27. gxh5 Nh4 (27... Nf4 $14 28. Bxf4 gxf4 )28. Nxh4 $16 gxh4 29. a4 {} Qd8 30. Kh1 Bg5 (30... b6 $16 )31. f4 $18 Be7 {[#]} 32. Re1 ({Better is} 32. a5 $1 $18 )Qc8 33. Rc1 (33. f5 $16 )Qd8 {[#]} 34. a5 $1 Qd7 35. Rg1 Rc8 36. f5 {
} Bg5 (36... Bf8 $16 {was worth a try.} 37. fxe6 fxe6 )37. Bxg5 hxg5 { Endgame KQR-KQR} 38. f6 {And now h6 would win.} ({Don't play} 38. Rxg5 Qc7 )Qd8 $2 (38... Rh8 )39. h6 {} Qf8 40. h7 Qh6 41. h3 Rh8 42. b6 Rc8 43. Rg4 (43. a6 $142 Ka8 44. Ra1 Rc4 45. Qa3 g4 46. axb7+ Kxb7 47. Qa6+ Kb8 48. Qxa7+ { Double Attack} Kc8 49. b7+ Kd8 50. b8=Q+ { Discovered Attack} Rc8 51. Qe7# )a6 (43... Rh8 $18 44. Qc2 Qxh7 45. Qxh7 Rxh7 )44. Kg2 (44. Rg1 $142 Qh5 45. Rg2 Rh8 46. Rc2 Qxh7 47. Qxh7 Rxh7 48. Rc7 Rh8 49. Rxf7 )Qh5 45. Kh2 Qh6 46. Rg2 Rh8 47. Kh1 Rxh7 48. Qc3 {White mates.} Rh8 49. Rc2 Qf8 50. Qc7+ Ka8 51. Qd7 Qe8 52. Qxe8+ Rxe8 53. Rc7 Rf8 54. Kg2 {Accuracy: White = 65%, Black = 36%.} 1-0

[Event "FIDE World Rapid-ch Open 2018"]
[White "Amin, Bassem"]
[Black "Aronian, Levon"]
[Site "St. Petersburg"]
[Round "5.24"]
[Annotator "TA"]
[Result "0-1"]
[Date "2018.12.26"]
[WhiteElo "2710"]
[BlackElo "2765"]
[PlyCount "72"]

1. Nf3 {} d5 2. g3 Nf6 3. Bg2 e6 4. 0-0 Be7 5. d3 0-0 6. Nbd2 a5 {A07: Réti Opening: New York and Capablanca Systems} (6... c5 7. e4 Nc6 8. Re1 Qc7 9. e5 Nd7 10. Qe2 b5 11. Nf1 Bb7 12. Bf4 Rfc8 13. Ne3 Qd8 14. h4 h6 15. c3 b4 16. c4 Nb6 17. Rad1 Rc7 18. Ng4 Qf8 19. Qe3 Nd4 20. Nxd4 cxd4 {0-1 (44) Svidler,P (2760)-Kramnik,V (2800) Moscow 2018} )7. e4 a4 8. a3 c5 9. Re1 Nc6 10. e5 Nd7 11. Nf1 {LiveBook: 12 Games} f6 $146 (11... b5 $15 )({Predecessor:} 11... b5 12. h4 Qc7 13. Bf4 Nd4 14. Nxd4 cxd4 15. Nh2 Bb7 16. h5 b4 17. axb4 Bxb4 18. Rf1 Nxe5 19. h6 g6 20. c3 {1-0 (38) Naiditsch,A (2687)
-Lalith,B (2587) Doha 2016} )12. exf6 $11 Nxf6 13. Bf4 Bd6 14. Ne5 (14. Bxd6 $11 Qxd6 15. Qe2 )Qc7 $1 $15 {} 15. Qe2 {[#]} ({Better is} 15. Nxc6 $15 Bxf4 16. Ne7+ Qxe7 17. gxf4 )Nd4 $1 $19 {} 16. Qd2 Nd7 {} 17. Nxd7 (17. Nf3 {might work better.} Nxf3+ 18. Bxf3 )Bxf4 18. gxf4 Bxd7 19. Re5 Nc6 20. Rae1 (20. Re3 {was worth a try.} )Nxe5 21. fxe5 Rf7 22. Ng3 Raf8 23. Re2 Qd8 24. Qe3 b6 {} 25. c4 Bc6 26. Bh3 (26. Qd2 {keeps fighting.} )Rf3 {Black is clearly winning.} 27. Bxe6+ Kh8 28. Qd2 (28. Qc1 $142 Rxd3 29. cxd5 Bxd5 30. Bxd5 )dxc4 29. Bxc4 b5 30. e6 bxc4 31. e7 {[#]} Qd5 $1 { ( -> ...Rxg3+!)} 32. exf8=Q+ Rxf8 {} 33. Ne4 {
If only White now had time for dxc4....} cxd3 34. Re3 h6 35. Qc3 c4 36. Rg3 Qf7 {Accuracy: White = 27%, Black = 86%.} 0-1

[Event "FIDE World Rapid-ch Open 2018"]
[White "Vallejo Pons, Francisco"]
[Black "Zhigalko, Sergei"]
[Site "St. Petersburg"]
[Round "5.25"]
[Annotator "RC"]
[Result "0-1"]
[Date "2018.12.26"]
[WhiteElo "2695"]
[BlackElo "2604"]
[PlyCount "78"]
[TimeControl "900+10"]

1. e4 {[%emt 0:0:0]} c5 {[%emt 0:0:0]} 2. Nf3 {[%emt 0:0:0]} Nc6 {[%emt 0:0:0]
} 3. Nc3 {[%emt 0:0:44]} Nf6 {[%emt 0:0:0]} 4. Bb5 {[%emt 0:0:0]} Qc7 {[%emt 0:0:0]} 5. 0-0 {[%emt 0:0:20]} Nd4 {[%emt 0:0:3]} 6. Ba4 {[%emt 0:0:13]} a6 {[%emt 0:4:9]} 7. Nxd4 {[%emt 0:0:58]} cxd4 {[%emt 0:0:2]
} 8. Nd5 {[%emt 0:0:3]} Nxd5 {[%emt 0:1:31]} 9. exd5 {[%emt 0:0:0]} b5 {[%emt 0:0:59]} 10. Bb3 {[%emt 0:0:5]} Bb7 {[%emt 0:0:1]} 11. Re1 {[%emt 0:2:52]} e6 {[%emt 0:0:34]} 12. d3 {[%emt 0:0:57]} Bd6 {[%emt 0:0:0]} 13. Qh5 {[%emt 0:2:41]} Qc5 {[%emt 0:2:4]} 14. c3 {[%emt 0:2:21]} g6 {[%emt 0:1:33]} 15. Qh4 {[%emt 0:1:6]} Be7 {[%emt 0:2:28]} 16. Qxd4 {[%emt 0:1:28]
} Qxd4 {[%emt 0:0:34]} 17. cxd4 {[%emt 0:0:1]} Bb4 {[%emt 0:0:0]} 18. Re4 {[%emt 0:0:34]} Bd6 {[%emt 0:1:29]} 19. dxe6 {[%emt 0:1:57]} dxe6 {[%emt 0:0:11]} 20. d5 {[%emt 0:0:1]} 0-0-0 {[%emt 0:0:16]} 21. Bf4 {[%emt 0:0:1]
} Bxd5 {[%emt 0:0:30]} 22. Bxd5 {[%emt 0:1:9]} exd5 {[%emt 0:0:0]} 23. Rd4 {[%emt 0:0:4]} Rhe8 {[%emt 0:0:17]} 24. Rc1+ {[%emt 0:0:39]
} Kb7 {[%emt 0:0:1]} 25. Bxd6 {[%emt 0:0:14]} Rxd6 {[%emt 0:0:1]} 26. Kf1 {[%emt 0:0:3]} Rc6 {[%emt 0:0:16]} 27. Rxc6 {[%emt 0:0:19]} Kxc6 {[%emt 0:0:0]} 28. Rf4 {[%emt 0:0:17]} f5 {[%emt 0:0:6]} 29. g4 {[%emt 0:0:7]} fxg4 {[%emt 0:0:3]} 30. b4 {[%emt 0:0:17]} Kd6 {[%emt 0:0:15]} 31. Rxg4 {[%emt 0:0:6]
} Rc8 {[%emt 0:0:11]} 32. Rg3 {[%emt 0:0:15]} Ke5 {[%emt 0:0:0]} 33. Rh3 {[%emt 0:0:5]} Kd4 {[%emt 0:0:27]} 34. Rxh7 {[%emt 0:0:23]} Kxd3 {[%emt 0:0:1]} 35. Rd7 {[%emt 0:0:9]} d4 {[%emt 0:0:11]} 36. Rd6 {[%emt 0:0:0]
} g5 {[%emt 0:0:24]} 37. Rxa6 {[%emt 0:0:4]} Kc2 {[%emt 0:0:0]} 38. a4 {[%emt 0:0:22]} d3 {[%emt 0:0:8]} 39. axb5 {[%emt 0:0:4]} d2 {[%emt 0:0:2]
} 0-1

[Event "FIDE World Rapid-ch Open 2018"]
[White "Salgado Lopez, Ivan"]
[Black "Jobava, Baadur"]
[Site "St. Petersburg"]
[Round "5.26"]
[Annotator "RC"]
[Result "1/2-1/2"]
[Date "2018.12.26"]
[WhiteElo "2629"]
[BlackElo "2627"]
[PlyCount "21"]
[TimeControl "900+10"]

1. e4 {[%emt 0:0:0]} e5 {[%emt 0:0:0]} 2. Nf3 {[%emt 0:0:3]} Nf6 {[%emt 0:0:0]
} 3. Nxe5 {[%emt 0:0:5]} d6 {[%emt 0:0:1]} 4. Nf3 {[%emt 0:0:0]} Nxe4 {[%emt 0:0:0]} 5. Qe2 Qe7 6. d3 {[%emt 0:0:16]} Nf6 {[%emt 0:0:0]} 7. Nc3 {[%emt 0:0:7]} Nc6 {[%emt 0:0:1]} 8. Bg5 {[%emt 0:0:10]} Qxe2+ {[%emt 0:0:2]} 9. Bxe2 {[%emt 0:0:3]} Be7 {[%emt 0:0:1]} 10. 0-0-0 {[%emt 0:0:6]} 0-0 {[%emt 0:0:2]} 11. Rhe1 {[%emt 0:0:9]} 1/2-1/2

[Event "FIDE World Rapid-ch Open 2018"]
[White "Cheparinov, Ivan"]
[Black "Antipov, Mikhail Al."]
[Site "St. Petersburg"]
[Round "5.27"]
[Annotator "RC"]
[Result "1/2-1/2"]
[Date "2018.12.26"]
[WhiteElo "2709"]
[BlackElo "2589"]
[PlyCount "92"]
[TimeControl "900+10"]

1. Nf3 {[%emt 0:0:0]} Nf6 {[%emt 0:0:0]} 2. c4 {[%emt 0:0:0]} c6 {[%emt 0:0:0]
} 3. d4 {[%emt 0:0:4]} d5 {[%emt 0:0:0]} 4. g3 {[%emt 0:0:0]} Bf5 {[%emt 0:0:1]} 5. Nc3 {[%emt 0:0:3]} e6 {[%emt 0:0:9]} 6. Nh4 {[%emt 0:0:2]
} Bg4 {[%emt 0:0:27]} 7. h3 {[%emt 0:0:11]} Bh5 {[%emt 0:0:2]
} 8. Qb3 {[%emt 0:0:15]} Qb6 {[%emt 0:0:15]} 9. g4 {[%emt 0:0:35]} Bg6 {[%emt 0:0:4]
} 10. Nxg6 {[%emt 0:0:2]} hxg6 {[%emt 0:0:1]} 11. Bg2 {[%emt 0:0:5]
} Nbd7 {[%emt 0:0:26]} 12. Bf4 {[%emt 0:1:44]} Be7 {[%emt 0:0:0]} 13. c5 {[%emt 0:0:45]} Qa6 {[%emt 0:0:14]} 14. 0-0 {[%emt 0:1:47]} b6 {[%emt 0:0:53]
} 15. cxb6 {[%emt 0:0:1]} axb6 {[%emt 0:0:9]} 16. e4 {[%emt 0:0:13]
} 0-0 {[%emt 0:0:47]} 17. exd5 {[%emt 0:1:28]} Nxd5 {[%emt 0:0:0]} 18. Nxd5 {[%emt 0:0:19]} cxd5 {[%emt 0:0:32]} 19. Rfc1 {[%emt 0:0:0]} Rfc8 {[%emt 0:0:3]} 20. Bf1 {[%emt 0:0:20]} Qa7 {[%emt 0:1:3]} 21. Bb5 {[%emt 0:0:25]} g5 {[%emt 0:0:34]} 22. Be3 {[%emt 0:0:27]} Nf8 {[%emt 0:0:0]} 23. a4 {[%emt 0:0:12]} Ng6 {[%emt 0:0:12]} 24. Rc3 {[%emt 0:0:14]} Nf4 {[%emt 0:3:3]} 25. h4 {[%emt 0:1:16]} g6 {[%emt 0:0:46]} 26. Rac1 {[%emt 0:0:38]
} Rxc3 {[%emt 0:0:10]} 27. Qxc3 {[%emt 0:0:16]} Bd6 {[%emt 0:0:0]} 28. Qd2 {[%emt 0:1:30]} Qe7 {[%emt 0:1:1]} 29. Rc6 {[%emt 0:0:16]} Kg7 {[%emt 0:1:20]} 30. Rxd6 {[%emt 0:2:39]} Qxd6 {[%emt 0:0:1]} 31. hxg5 {[%emt 0:0:2]
} Nh3+ {[%emt 0:0:2]} 32. Kg2 {[%emt 0:0:4]} Rh8 {[%emt 0:0:0]} 33. b4 {[%emt 0:0:41]} f6 {[%emt 0:3:4]} 34. gxf6+ {[%emt 0:0:20]} Kxf6 {[%emt 0:0:1]} 35. a5 {[%emt 0:2:40]} bxa5 {[%emt 0:0:8]} 36. bxa5 {[%emt 0:0:1]
} g5 {[%emt 0:0:11]} 37. a6 {[%emt 0:0:1]} Qa3 {[%emt 0:1:0]
} 38. Bd3 {[%emt 0:0:24]} Qa1 {[%emt 0:0:39]} 39. Bxg5+ {[%emt 0:0:42]} Kf7 {[%emt 0:0:25]} 40. Bf1 {[%emt 0:0:6]} Nxg5 {[%emt 0:0:7]} 41. Qf4+ {[%emt 0:0:21]
} Kg6 {[%emt 0:0:5]} 42. Bd3+ {[%emt 0:0:2]} Ne4 {[%emt 0:0:0]} 43. Bxe4+ {[%emt 0:0:1]} dxe4 {[%emt 0:0:3]} 44. Qxe4+ {[%emt 0:0:2]
} Kf7 {[%emt 0:0:31]} 45. Qf4+ {[%emt 0:0:10]} Kg6 {[%emt 0:0:1]} 46. Qe4+ {[%emt 0:0:1]} Kf7 {[%emt 0:0:2]} 1/2-1/2

[Event "FIDE World Rapid-ch Open 2018"]
[White "Postny, Evgeny"]
[Black "Morozevich, Alexander"]
[Site "St. Petersburg"]
[Round "5.28"]
[Annotator "RC"]
[Result "1/2-1/2"]
[Date "2018.12.26"]
[WhiteElo "2615"]
[BlackElo "2656"]
[PlyCount "97"]
[TimeControl "900+10"]

1. d4 {[%emt 0:0:0]} Nf6 {[%emt 0:0:5]} 2. c4 {[%emt 0:0:0]} c5 {[%emt 0:0:0]} 3. d5 {[%emt 0:0:0]} g6 {[%emt 0:0:1]} 4. Nc3 {[%emt 0:0:0]} Bg7 {[%emt 0:0:2]} 5. e4 {[%emt 0:0:0]} 0-0 {[%emt 0:0:1]} 6. Nf3 {[%emt 0:0:0]} d6 {[%emt 0:0:2]} 7. h3 {[%emt 0:0:7]} e6 {[%emt 0:0:2]} 8. Bd3 {[%emt 0:0:1]
} exd5 {[%emt 0:0:1]} 9. exd5 {[%emt 0:0:2]} Re8+ {[%emt 0:0:0]} 10. Be3 {[%emt 0:0:3]} Rxe3+ {[%emt 0:0:2]} 11. fxe3 {[%emt 0:0:0]} Qe7 {[%emt 0:0:1]} 12. 0-0 {[%emt 0:0:17]} Nbd7 {[%emt 0:0:2]} 13. Qd2 {[%emt 0:1:13]} b6 {[%emt 0:2:45]} 14. Rae1 {[%emt 0:0:32]} Ba6 {[%emt 0:0:10]
} 15. b3 {[%emt 0:0:11]} Ne5 {[%emt 0:1:35]} 16. Nxe5 {[%emt 0:0:0]} Qxe5 {[%emt 0:0:2]} 17. Nd1 {[%emt 0:1:24]} Re8 {[%emt 0:0:47]} 18. Rf3 {[%emt 0:0:48]} Qe7 {[%emt 0:0:36]} 19. Ref1 {[%emt 0:0:13]} Rf8 {[%emt 0:0:1]
} 20. Kh1 {[%emt 0:3:25]} Nd7 {[%emt 0:0:13]} 21. Be2 {[%emt 0:0:0]} Ne5 {[%emt 0:0:47]} 22. R3f2 {[%emt 0:0:3]} Bc8 {[%emt 0:0:16]} 23. e4 {[%emt 0:0:34]} h5 {[%emt 0:0:30]} 24. Nb2 {[%emt 0:0:43]} Nd7 {[%emt 0:0:0]} 25. Bf3 {[%emt 0:1:36]} Bd4 {[%emt 0:0:22]} 26. Re2 {[%emt 0:0:4]} Ne5 {[%emt 0:0:32]} 27. Nd3 {[%emt 0:2:25]} Nxd3 {[%emt 0:0:13]} 28. Qxd3 {[%emt 0:0:2]
} Qh4 {[%emt 0:0:1]} 29. Rd2 {[%emt 0:2:0]} f5 {[%emt 0:0:0]} 30. Rdd1 {[%emt 0:1:15]} Be5 {[%emt 0:0:21]} 31. Be2 {[%emt 0:0:15]} f4 {[%emt 0:0:55]} 32. Qf3 {[%emt 0:0:11]} Kg7 {[%emt 0:0:12]} 33. a3 {[%emt 0:0:0]} Qe7 {[%emt 0:0:41]} 34. b4 {[%emt 0:0:10]} g5 {[%emt 0:0:9]} 35. g4 {[%emt 0:1:15]} hxg4 {[%emt 0:0:38]} 36. hxg4 {[%emt 0:0:1]} Rh8+ {[%emt 0:0:0]} 37. Kg2 {[%emt 0:0:41]} Rh4 {[%emt 0:0:28]} 38. bxc5 {[%emt 0:0:12]} bxc5 {[%emt 0:0:16]} 39. Rh1 {[%emt 0:0:21]} Bxg4 {[%emt 0:0:1]} 40. Qxg4 {[%emt 0:0:1]
} Rxg4+ {[%emt 0:0:1]} 41. Bxg4 {[%emt 0:0:1]} Qe8 {[%emt 0:0:0]} 42. Rb1 {[%emt 0:0:13]} f3+ {[%emt 0:0:9]} 43. Kxf3 {[%emt 0:0:15]} Qa4 {[%emt 0:0:13]} 44. Rb7+ {[%emt 0:0:4]} Kf8 {[%emt 0:0:1]} 45. Rb8+ {[%emt 0:0:5]
} Kg7 {[%emt 0:0:10]} 46. Rb7+ {[%emt 0:0:9]} Kf8 {[%emt 0:0:0]} 47. Rb8+ {[%emt 0:0:30]} Kg7 {[%emt 0:0:8]} 48. Rb7+ {[%emt 0:0:11]} Kf8 {[%emt 0:0:0]} 49. Rb8+ {[%emt 0:0:11]} 1/2-1/2

[Event "FIDE World Rapid-ch Open 2018"]
[White "Amonatov, Farrukh"]
[Black "Frolyanov, Dmitry"]
[Site "St. Petersburg"]
[Round "5.29"]
[Annotator "RC"]
[Result "0-1"]
[Date "2018.12.26"]
[WhiteElo "2614"]
[BlackElo "2517"]
[PlyCount "56"]
[TimeControl "900+10"]

1. e4 {[%emt 0:0:0]} c5 {[%emt 0:0:0]} 2. Nc3 {[%emt 0:0:0]} Nc6 {[%emt 0:0:0]
} 3. Bb5 {[%emt 0:0:1]} Nd4 {[%emt 0:0:1]} 4. Nf3 {[%emt 0:0:0]} e6 {[%emt 0:0:9]} 5. 0-0 {[%emt 0:0:15]} a6 {[%emt 0:0:2]} 6. Bd3 {[%emt 0:0:3]} Nc6 {[%emt 0:0:3]} 7. b3 {[%emt 0:0:8]} d6 {[%emt 0:0:14]
} 8. Bb2 {[%emt 0:0:4]} Nf6 {[%emt 0:0:3]} 9. Re1 {[%emt 0:0:8]} Be7 {[%emt 0:0:4]
} 10. e5 {[%emt 0:0:33]} dxe5 {[%emt 0:0:10]} 11. Nxe5 {[%emt 0:0:2]
} Nxe5 {[%emt 0:0:14]} 12. Rxe5 {[%emt 0:0:3]} Bd7 {[%emt 0:0:0]} 13. Qf3 {[%emt 0:1:21]} Bc6 {[%emt 0:0:15]} 14. Qh3 {[%emt 0:0:2]} Qc7 {[%emt 0:1:25]} 15. Rae1 {[%emt 0:0:9]} 0-0-0 {[%emt 0:0:45]} 16. a4 {[%emt 0:4:39]
} h5 {[%emt 0:0:15]} 17. Ba3 {[%emt 0:6:2]} Bd6 {[%emt 0:0:0]} 18. Rg5 {[%emt 0:0:23]} Ng4 {[%emt 0:0:31]} 19. Bxc5 {[%emt 0:0:47]} Bxh2+ {[%emt 0:0:33]} 20. Kf1 {[%emt 0:0:1]} Bf4 {[%emt 0:2:16]} 21. Rxh5 {[%emt 0:0:13]
} Rxh5 {[%emt 0:0:3]} 22. Qxh5 {[%emt 0:0:1]} Nf6 {[%emt 0:0:0]} 23. Qd1 {[%emt 0:1:19]} Rh8 {[%emt 0:0:43]} 24. Be3 {[%emt 0:0:9]} Qe5 {[%emt 0:0:38]} 25. f3 {[%emt 0:0:16]} Rh1+ {[%emt 0:1:9]} 26. Ke2 {[%emt 0:0:8]
} Rh2 {[%emt 0:0:7]} 27. Rh1 {[%emt 0:1:44]} Bxe3 {[%emt 0:0:0]} 28. dxe3 {[%emt 0:0:8]} Bxf3+ {[%emt 0:2:14]} 0-1

[Event "FIDE World Rapid-ch Open 2018"]
[White "Duda, Jan-Krzysztof"]
[Black "Miton, Kamil"]
[Site "St. Petersburg"]
[Round "5.30"]
[Annotator "TA"]
[Result "1/2-1/2"]
[Date "2018.12.26"]
[WhiteElo "2738"]
[BlackElo "2588"]
[PlyCount "89"]

1. d4 {} Nf6 2. Bg5 e6 3. e4 h6 4. Bxf6 Qxf6 5. c3 d6 6. Bc4 {A45: Trompowsky Attack} Qg6 7. Qf3 {LiveBook: 3 Games} Nc6 $146 ({
Predecessor:} 7... Nd7 8. Ne2 Nf6 9. Ng3 Be7 10. Nd2 0-0 11. 0-0 Bd7 12. Bd3 Qg5 13. Qe2 Qf4 {1/2-1/2 (44) Kryakvin,D (2595)-Rozum,I (2573) Sochi 2018} )8. Ne2 Be7 9. Nd2 e5 10. d5 Nb8 11. Ng3 Qg4 12. Qd3 g6 13. h3 Qf4 14. Ne2 Qf6 15. g3 h5 {} 16. f4 Nd7 17. Bb5 a6 18. Bxd7+ Bxd7 19. 0-0-0 h4 20. fxe5 Qxe5 21. Nf3 Qg7 22. g4 $1 0-0-0 23. Ned4 Kb8 24. Kb1 Rde8 25. Rhe1 (25. Nc6+ $5 bxc6 26. Qxa6 $11 )Bf6 26. Nb3 Bb5 27. Qd2 Be5 28. Na5 $2 (28. c4 $11 Bxc4 29. Nbd4 )Bg3 $17 29. c4 Bxe1 30. Rxe1 {[#]} Bd7 $1 31. Qb4 {} b6 32. e5 Kc8 (32... g5 $19 {Threatens to
win with ...Ka7.} 33. Nb3 Qh7+ 34. Kc1 Qd3 )33. Nc6 $1 $15 dxe5 (33... Kb7 $15 34. Rc1 Qh6 35. exd6 Qf4 36. dxc7 Bxc6 37. dxc6+ Kxc7 )34. Ne7+ {[#]} (34. Qa4 $5 {} Kb7 35. Re3 $17 )Rxe7 $1 35. Qxe7 { Double
Attack} Re8 $36 { Black has the initiative.} 36. Qa3 $1 {} e4 37. Qxa6+ Kb8 38. c5 Qf6 $1 {} ({Weaker is} 38... exf3 39. Rxe8+ Bxe8 40. c6 Qxb2+ 41. Kxb2 Bxc6 42. dxc6 g5 43. Qb7# )({Wrong is} 38... bxc5 $2 39. Re3 $18 )39. d6 exf3 40. dxc7+ Kxc7 41. Qa7+ $2 {} (41. Rd1 $11 Rb8 42. Qa7+ Rb7 {[#]} 43. Rxd7+ $1 {} Kxd7 44. Qxb7+ Ke8 45. Qa8+ Ke7 46. Qa3 )Kc8 42. Qa8+ Kc7 43. Qa7+ Kc8 44. Qa8+ Kc7 45. Qa7+ { Accuracy: White = 44%, Black = 51%. . An unexpected result.} 1/2-1/2

[Event "FIDE World Rapid-ch Open 2018"]
[White "Tsydypov, Zhamsaran"]
[Black "Petrosian, Tigran L."]
[Site "St. Petersburg"]
[Round "5.31"]
[Annotator "ChessBase"]
[Result "0-1"]
[Date "2018.12.26"]
[WhiteElo "2529"]
[BlackElo "2598"]
[PlyCount "50"]
[TimeControl "900+10"]

1. e4 {[%emt 0:0:0]} g6 {[%emt 0:0:0]} 2. d4 {[%emt 0:0:2]} Bg7 {[%emt 0:0:0]} 3. Nf3 {[%emt 0:0:34]} d6 {[%emt 0:0:0]} 4. Bc4 {[%emt 0:0:5]} Nf6 {[%emt 0:0:0]} 5. Qe2 {[%emt 0:0:3]} 0-0 {[%emt 0:0:0]} 6. e5 {[%emt 0:0:0]} dxe5 {[%emt 0:0:3]} 7. dxe5 {[%emt 0:0:2]} Nd5 {[%emt 0:0:3]} 8. h3 {[%emt 0:0:39]} Nb6 {[%emt 0:0:29]} 9. Bb3 {[%emt 0:0:8]} a5 {[%emt 0:0:0]} 10. a3 {[%emt 0:0:6]} a4 {[%emt 0:1:53]} 11. Ba2 {[%emt 0:0:1]} Nc6 {[%emt 0:0:2]} 12. 0-0 {[%emt 0:1:57]} Nd4 {[%emt 0:0:40]} 13. Nxd4 {[%emt 0:0:8]
} Qxd4 {[%emt 0:0:1]} 14. Re1 {[%emt 0:0:18]} Ra5 {[%emt 0:0:0]} 15. e6 {[%emt 0:0:36]} Bxe6 {[%emt 0:1:52]} 16. c3 {[%emt 0:2:1]} Qd6 {[%emt 0:9:34]} 17. Bxe6 {[%emt 0:1:6]} Qxe6 {[%emt 0:0:3]} 18. Qxe6 {[%emt 0:1:22]
} fxe6 {[%emt 0:0:0]} 19. Rxe6 {[%emt 0:0:11]} Rd8 {[%emt 0:0:0]} 20. Nd2 {[%emt 0:0:27]} Bh6 {[%emt 0:2:34]} 21. Nf1 {[%emt 0:5:11]} Rd1 {[%emt 0:0:2]} 22. Bxh6 {[%emt 0:0:3]} Rxa1 {[%emt 0:0:2]} 23. Rxe7 {[%emt 0:0:2]
} Rh5 {[%emt 0:0:11]} 24. Bd2 {[%emt 0:0:53]} Rd5 {[%emt 0:0:0]} 25. Bh6 {[%emt 0:0:16]} Rd7 {[%emt 0:0:18]} 0-1